| 000 | 00501nam a22001817a 4500 | ||
|---|---|---|---|
| 003 | OSt | ||
| 005 | 20221028224840.0 | ||
| 008 | 221021b |||||||| |||| 00| 0 eng d | ||
| 020 | _a2-906247-13-8 | ||
| 040 | _cBiblioteca LadoV | ||
| 082 |
_a750 _bC585o |
||
| 100 |
_9255 _aCurador, Alain _ecurador |
||
| 245 | _aOeuvres Originales/ | ||
| 260 |
_aFrancia _bFRAC Pays de la Loire |
||
| 300 |
_a59p. _c23x30cm |
||
| 700 |
_aWolbers, Hans _eautor |
||
| 942 |
_2ddc _c1 _h750 _iC585o _n0 |
||
| 999 |
_c2424 _d2424 |
||